[Event "DEM U10 2023"]
[Site "Willingen GER"]
[Date "2023.06.02"]
[Round "9"]
[White "Belin, Anton"]
[Black "Heins, Simon"]
[Result "0-1"]
[Termination "normal"]
[Board "5"]
[WhiteElo "1662"]
[BlackElo "1592"]
[WhiteClock "01:05:29"]
[BlackClock "01:08:20"]
[PlyCount "106"]
[WhiteFideId "34610952"]
[BlackFideId "34660194"]
[EventCountry "GER"]
[EventRounds "11"]
[EventType "swiss"]
[EventDate "2023.05.27"]

1. e4 {[%clk 01:15:57]} {[%emt 00:00:02]} c5 {[%clk 01:15:57]} {[%emt
00:00:03]} 2. Nc3 {[%clk 01:16:17]} {[%emt 00:00:10]} Nc6 {[%clk 01:16:18]}
{[%emt 00:00:10]} 3. Bb5 {[%clk 01:16:26]} {[%emt 00:00:20]} e5 {[%clk
01:16:01]} {[%emt 00:00:47]} 4. Nf3 {[%clk 01:15:56]} {[%emt 00:01:00]} d6
{[%clk 01:15:47]} {[%emt 00:00:45]} 5. h3 {[%clk 01:16:08]} {[%emt 00:00:17]}
Be7 {[%clk 01:15:54]} {[%emt 00:00:24]} 6. d3 {[%clk 01:16:00]} {[%emt
00:00:36]} Nf6 {[%clk 01:16:08]} {[%emt 00:00:16]} 7. Bg5 {[%clk 01:15:55]}
{[%emt 00:00:35]} h6 {[%clk 01:16:00]} {[%emt 00:00:39]} 8. Bxf6 {[%clk
01:16:08]} {[%emt 00:00:15]} Bxf6 {[%clk 01:16:24]} {[%emt 00:00:09]} 9. Nd5
{[%clk 01:15:50]} {[%emt 00:00:47]} a6 {[%clk 01:15:57]} {[%emt 00:00:57]} 10.
Bxc6+ {[%clk 01:16:01]} {[%emt 00:00:19]} bxc6 {[%clk 01:16:25]} {[%emt
00:00:03]} 11. Nxf6+ {[%clk 01:16:14]} {[%emt 00:00:16]} Qxf6 {[%clk 01:16:45]}
{[%emt 00:00:09]} 12. c4 {[%clk 01:16:01]} {[%emt 00:00:44]} Qg6 {[%clk
01:16:21]} {[%emt 00:00:55]} 13. Nh4 {[%clk 01:13:38]} {[%emt 00:02:51]} Qg5
{[%clk 01:16:16]} {[%emt 00:00:36]} 14. g3 {[%clk 01:14:00]} {[%emt 00:00:08]}
O-O {[%clk 01:16:12]} {[%emt 00:00:34]} 15. Qd2 {[%clk 01:13:28]} {[%emt
00:01:00]} Rb8 {[%clk 01:16:00]} {[%emt 00:00:44]} 16. b3 {[%clk 01:12:43]}
{[%emt 00:01:16]} Qh5 {[%clk 01:15:07]} {[%emt 00:01:23]} 17. Qe2 {[%clk
01:12:36]} {[%emt 00:00:36]} Qg5 {[%clk 01:15:04]} {[%emt 00:00:33]} 18. Qe3
{[%clk 01:12:49]} {[%emt 00:00:17]} Qd8 {[%clk 01:15:13]} {[%emt 00:00:22]} 19.
Kf1 {[%clk 01:12:27]} {[%emt 00:00:52]} f5 {[%clk 01:14:17]} {[%emt 00:01:26]}
20. exf5 {[%clk 01:11:58]} {[%emt 00:00:58]} Bxf5 {[%clk 01:13:39]} {[%emt
00:01:09]} 21. Nxf5 {[%clk 01:11:43]} {[%emt 00:00:44]} Rxf5 {[%clk 01:14:02]}
{[%emt 00:00:07]} 22. Kg2 {[%clk 01:11:14]} {[%emt 00:00:58]} Qf6 {[%clk
01:14:00]} {[%emt 00:00:33]} 23. Rhf1 {[%clk 01:10:22]} {[%emt 00:01:22]} Rf8
{[%clk 01:12:42]} {[%emt 00:01:47]} 24. f3 {[%clk 01:10:22]} {[%emt 00:00:31]}
d5 {[%clk 01:12:15]} {[%emt 00:00:57]} 25. cxd5 {[%clk 01:10:30]} {[%emt
00:00:22]} cxd5 {[%clk 01:12:38]} {[%emt 00:00:08]} 26. Qxc5 {[%clk 01:10:39]}
{[%emt 00:00:21]} Qf7 {[%clk 01:10:24]} {[%emt 00:02:42]} 27. Qe3 {[%clk
01:10:29]} {[%emt 00:00:41]} Rg5 {[%clk 01:06:40]} {[%emt 00:04:15]} 28. f4
{[%clk 01:09:19]} {[%emt 00:01:39]} exf4 {[%clk 01:06:58]} {[%emt 00:00:13]}
29. Qe1 {[%clk 01:08:33]} {[%emt 00:01:15]} f3+ {[%clk 01:06:24]} {[%emt
00:01:04]} 30. Kh2 {[%clk 01:08:55]} {[%emt 00:00:07]} Re8 {[%clk 01:06:32]}
{[%emt 00:00:24]} 31. Qf2 {[%clk 01:08:15]} {[%emt 00:01:10]} Re2 {[%clk
01:06:57]} {[%emt 00:00:06]} 32. Qxe2 {[%clk 01:08:38]} {[%emt 00:00:06]} fxe2
{[%clk 01:07:19]} {[%emt 00:00:08]} 33. Rxf7 {[%clk 01:09:02]} {[%emt
00:00:05]} Kxf7 {[%clk 01:07:19]} {[%emt 00:00:30]} 34. Re1 {[%clk 01:09:17]}
{[%emt 00:00:14]} Re5 {[%clk 01:07:37]} {[%emt 00:00:14]} 35. Kg2 {[%clk
01:09:29]} {[%emt 00:00:17]} Re3 {[%clk 01:07:30]} {[%emt 00:00:37]} 36. Kf2
{[%clk 01:09:34]} {[%emt 00:00:24]} Rxd3 {[%clk 01:07:44]} {[%emt 00:00:17]}
37. Rxe2 {[%clk 01:09:40]} {[%emt 00:00:25]} Kf6 {[%clk 01:07:52]} {[%emt
00:00:21]} 38. h4 {[%clk 01:09:34]} {[%emt 00:00:35]} Kf5 {[%clk 01:08:09]}
{[%emt 00:00:14]} 39. Re7 {[%clk 01:09:25]} {[%emt 00:00:39]} g5 {[%clk
01:08:12]} {[%emt 00:00:27]} 40. hxg5 {[%clk 01:08:24]} {[%emt 00:01:31]} hxg5
{[%clk 01:08:31]} {[%emt 00:00:11]} 41. Re2 {[%clk 01:08:06]} {[%emt 00:00:49]}
Kg4 {[%clk 01:08:29]} {[%emt 00:00:32]} 42. Re5 {[%clk 01:08:27]} {[%emt
00:00:09]} Rd2+ {[%clk 01:07:55]} {[%emt 00:01:04]} 43. Kf1 {[%clk 01:08:09]}
{[%emt 00:00:47]} d4 {[%clk 01:07:45]} {[%emt 00:00:41]} 44. a4 {[%clk
01:08:10]} {[%emt 00:00:28]} Rb2 {[%clk 01:06:43]} {[%emt 00:01:32]} 45. Re4+
{[%clk 01:08:10]} {[%emt 00:00:30]} Kf3 {[%clk 01:07:06]} {[%emt 00:00:07]} 46.
Re5 {[%clk 01:06:45]} {[%emt 00:01:54]} Rxb3 {[%clk 01:06:53]} {[%emt
00:00:45]} 47. Ke1 {[%clk 01:06:52]} {[%emt 00:00:22]} Re3+ {[%clk 01:07:04]}
{[%emt 00:00:19]} 48. Rxe3+ {[%clk 01:07:05]} {[%emt 00:00:18]} dxe3 {[%clk
01:07:06]} {[%emt 00:00:29]} 49. a5 {[%clk 01:06:35]} {[%emt 00:00:59]} Kxg3
{[%clk 01:07:19]} {[%emt 00:00:16]} 50. Ke2 {[%clk 01:06:28]} {[%emt 00:00:35]}
Kf4 {[%clk 01:07:39]} {[%emt 00:00:12]} 51. Kd1 {[%clk 01:05:23]} {[%emt
00:01:34]} Kf3 {[%clk 01:07:56]} {[%emt 00:00:14]} 52. Ke1 {[%clk 01:05:05]}
{[%emt 00:00:49]} e2 {[%clk 01:08:20]} {[%emt 00:00:06]} 53. Kd2 {[%clk
01:05:29]} {[%emt 00:00:06]} Kf2 {[%emt 00:00:14]} 0-1

[Event "DEM U10 2023"]
[Site "Willingen GER"]
[Date "2023.06.02"]
[Round "9"]
[White "Teng, David"]
[Black "Steinbrenner, Peter"]
[Result "0-1"]
[Termination "normal"]
[Board "6"]
[WhiteElo "1554"]
[BlackElo "1601"]
[WhiteClock "00:03:58"]
[BlackClock "00:01:28"]
[PlyCount "70"]
[WhiteFideId "34604570"]
[BlackFideId "34645535"]
[EventCountry "GER"]
[EventRounds "11"]
[EventType "swiss"]
[EventDate "2023.05.27"]

1. e4 {[%clk 01:15:56]} {[%emt 00:00:03]} c5 {[%clk 01:15:56]} {[%emt
00:00:05]} 2. Nf3 {[%clk 01:16:20]} {[%emt 00:00:05]} d6 {[%clk 01:16:23]}
{[%emt 00:00:03]} 3. d4 {[%clk 01:16:43]} {[%emt 00:00:06]} cxd4 {[%clk
01:16:47]} {[%emt 00:00:07]} 4. Nxd4 {[%clk 01:17:08]} {[%emt 00:00:05]} Nf6
{[%clk 01:17:13]} {[%emt 00:00:04]} 5. Nc3 {[%clk 01:17:22]} {[%emt 00:00:16]}
a6 {[%clk 01:17:39]} {[%emt 00:00:05]} 6. Bg5 {[%clk 01:17:17]} {[%emt
00:00:34]} e6 {[%clk 01:16:53]} {[%emt 00:01:17]} 7. Qf3 {[%clk 01:16:52]}
{[%emt 00:00:54]} Be7 {[%clk 01:14:53]} {[%emt 00:02:29]} 8. O-O-O {[%clk
01:16:28]} {[%emt 00:00:55]} Nbd7 {[%clk 01:11:41]} {[%emt 00:03:42]} 9. a3
{[%clk 01:15:20]} {[%emt 00:01:39]} Qc7 {[%clk 01:08:10]} {[%emt 00:03:56]} 10.
Qg3 {[%clk 01:14:11]} {[%emt 00:01:44]} b6 {[%clk 00:44:04]} {[%emt 00:24:36]}
11. Bd3 {[%clk 01:09:47]} {[%emt 00:04:53]} Bb7 {[%clk 00:41:55]} {[%emt
00:02:40]} 12. f4 {[%clk 01:06:53]} {[%emt 00:03:23]} Rc8 {[%clk 00:37:13]}
{[%emt 00:05:12]} 13. f5 {[%clk 01:00:36]} {[%emt 00:06:47]} e5 {[%clk
00:35:53]} {[%emt 00:01:49]} 14. Bxf6 {[%clk 00:58:56]} {[%emt 00:02:10]} Nxf6
{[%clk 00:29:49]} {[%emt 00:06:35]} 15. Nde2 {[%clk 00:57:36]} {[%emt
00:01:50]} O-O {[%clk 00:27:55]} {[%emt 00:02:24]} 16. Qf3 {[%clk 00:56:25]}
{[%emt 00:01:41]} Rfd8 {[%clk 00:26:43]} {[%emt 00:01:40]} 17. Kb1 {[%clk
00:46:14]} {[%emt 00:10:43]} b5 {[%clk 00:21:29]} {[%emt 00:05:42]} 18. Rhg1
{[%clk 00:42:05]} {[%emt 00:04:40]} d5 {[%clk 00:19:36]} {[%emt 00:02:24]} 19.
exd5 {[%emt 00:04:48]} Bxd5 {[%clk 00:15:00]} {[%emt 00:01:55]} 20. Nxd5 {[%clk
00:40:13]} {[%emt 00:01:14]} Nxd5 {[%clk 00:13:57]} {[%emt 00:01:34]} 21. Be4
{[%clk 00:38:10]} {[%emt 00:02:32]} Nb6 {[%clk 00:12:05]} {[%emt 00:02:22]} 22.
Qb3 {[%emt 00:03:41]} Nc4 {[%clk 00:10:43]} {[%emt 00:01:41]} 23. Qc3 {[%clk
00:25:11]} {[%emt 00:10:29]} Qb6 {[%clk 00:08:23]} {[%emt 00:02:50]} 24. Rxd8+
{[%clk 00:24:41]} {[%emt 00:01:00]} Qxd8 {[%clk 00:08:02]} {[%emt 00:00:50]}
25. Qd3 {[%clk 00:23:36]} {[%emt 00:01:34]} Qc7 {[%clk 00:04:15]} {[%emt
00:04:16]} 26. f6 {[%clk 00:20:36]} {[%emt 00:03:34]} Bxf6 {[%clk 00:04:28]}
{[%emt 00:00:17]} 27. Bxh7+ {[%clk 00:20:18]} {[%emt 00:00:48]} Kf8 {[%clk
00:04:20]} {[%emt 00:00:36]} 28. Bf5 {[%clk 00:17:46]} {[%emt 00:03:04]} Rd8
{[%clk 00:03:38]} {[%emt 00:01:11]} 29. Qc3 {[%clk 00:15:26]} {[%emt 00:02:48]}
a5 {[%clk 00:03:26]} {[%emt 00:00:42]} 30. Qg3 {[%clk 00:11:45]} {[%emt
00:04:11]} Nd2+ {[%clk 00:02:53]} {[%emt 00:01:02]} 31. Kc1 {[%clk 00:11:38]}
{[%emt 00:00:41]} Nc4 {[%clk 00:02:48]} {[%emt 00:00:34]} 32. Bd3 {[%clk
00:07:45]} {[%emt 00:04:23]} b4 {[%clk 00:01:08]} {[%emt 00:02:10]} 33. a4
{[%clk 00:04:24]} {[%emt 00:03:52]} Qc5 {[%clk 00:01:02]} {[%emt 00:00:33]} 34.
Rd1 {[%clk 00:04:13]} {[%emt 00:00:43]} Ne3 {[%clk 00:01:10]} {[%emt 00:00:21]}
35. Rd2 {[%clk 00:03:58]} {[%emt 00:00:48]} Rxd3 {[%clk 00:01:28]} {[%emt
00:00:11]} 0-1

[Event "DEM U10 2023"]
[Site "Willingen GER"]
[Date "2023.06.02"]
[Round "9"]
[White "Lange, Fynn Jeremy"]
[Black "Menke, Raphael Wilhelm"]
[Result "1-0"]
[Termination "normal"]
[Board "7"]
[WhiteElo "1616"]
[BlackElo "1884"]
[WhiteClock "00:19:21"]
[BlackClock "00:12:44"]
[PlyCount "81"]
[WhiteFideId "34616365"]
[BlackFideId "34621008"]
[EventCountry "GER"]
[EventRounds "11"]
[EventType "swiss"]
[EventDate "2023.05.27"]

1. c4 {[%clk 01:15:39]} {[%emt 00:00:21]} e5 {[%clk 01:15:53]} {[%emt
00:00:08]} 2. g3 {[%clk 01:15:30]} {[%emt 00:00:38]} Nc6 {[%clk 01:16:17]}
{[%emt 00:00:07]} 3. Bg2 {[%clk 01:14:50]} {[%emt 00:01:07]} f5 {[%clk
01:16:32]} {[%emt 00:00:18]} 4. Nc3 {[%clk 01:14:30]} {[%emt 00:00:49]} Nf6
{[%clk 01:16:47]} {[%emt 00:00:16]} 5. e3 {[%clk 01:13:52]} {[%emt 00:01:08]}
Bb4 {[%clk 01:14:53]} {[%emt 00:02:24]} 6. Nge2 {[%clk 01:12:08]} {[%emt
00:02:13]} Bxc3 {[%clk 01:11:58]} {[%emt 00:03:25]} 7. Nxc3 {[%clk 01:08:49]}
{[%emt 00:03:48]} d6 {[%clk 01:09:45]} {[%emt 00:02:45]} 8. d4 {[%clk
01:07:04]} {[%emt 00:02:13]} e4 {[%clk 01:05:43]} {[%emt 00:04:34]} 9. a3
{[%clk 01:02:47]} {[%emt 00:04:47]} O-O {[%clk 01:03:35]} {[%emt 00:02:37]} 10.
b4 {[%clk 00:57:56]} {[%emt 00:05:21]} a5 {[%clk 01:01:00]} {[%emt 00:03:06]}
11. b5 {[%clk 00:57:19]} {[%emt 00:01:07]} Ne7 {[%clk 00:59:29]} {[%emt
00:02:00]} 12. O-O {[%clk 00:50:30]} {[%emt 00:07:20]} c6 {[%clk 00:57:18]}
{[%emt 00:02:41]} 13. a4 {[%clk 00:49:23]} {[%emt 00:01:37]} d5 {[%clk
00:51:42]} {[%emt 00:06:05]} 14. c5 {[%clk 00:47:50]} {[%emt 00:02:03]} b6
{[%clk 00:49:14]} {[%emt 00:02:58]} 15. Ba3 {[%clk 00:45:57]} {[%emt 00:02:23]}
Rf7 {[%clk 00:45:55]} {[%emt 00:03:49]} 16. Qb3 {[%clk 00:42:59]} {[%emt
00:03:28]} Nd7 {[%clk 00:42:34]} {[%emt 00:03:51]} 17. bxc6 {[%clk 00:41:22]}
{[%emt 00:02:08]} Nxc6 {[%clk 00:42:45]} {[%emt 00:00:19]} 18. Nxd5 {[%clk
00:39:02]} {[%emt 00:02:50]} bxc5 {[%clk 00:40:25]} {[%emt 00:02:50]} 19. dxc5
{[%clk 00:37:06]} {[%emt 00:02:26]} Nde5 {[%clk 00:38:00]} {[%emt 00:02:55]}
20. Nb6 {[%clk 00:34:11]} {[%emt 00:03:24]} Rb8 {[%clk 00:36:59]} {[%emt
00:01:31]} 21. Rfd1 {[%clk 00:34:09]} {[%emt 00:00:31]} Qc7 {[%clk 00:36:36]}
{[%emt 00:00:51]} 22. Qd5 {[%clk 00:30:23]} {[%emt 00:04:20]} Bb7 {[%clk
00:30:49]} {[%emt 00:06:17]} 23. Qd6 {[%clk 00:26:05]} {[%emt 00:04:48]} Nd3
{[%clk 00:29:21]} {[%emt 00:01:57]} 24. Rxd3 {[%clk 00:23:19]} {[%emt
00:03:17]} exd3 {[%clk 00:28:54]} {[%emt 00:00:57]} 25. Qxd3 {[%clk 00:23:25]}
{[%emt 00:00:24]} Ne5 {[%clk 00:24:27]} {[%emt 00:04:56]} 26. Qb3 {[%clk
00:21:35]} {[%emt 00:02:20]} Bxg2 {[%clk 00:22:31]} {[%emt 00:02:26]} 27. Kxg2
{[%clk 00:22:02]} {[%emt 00:00:04]} Qb7+ {[%clk 00:22:25]} {[%emt 00:00:35]}
28. Qd5 {[%clk 00:22:13]} {[%emt 00:00:19]} Qxd5+ {[%clk 00:21:43]} {[%emt
00:01:13]} 29. Nxd5 {[%clk 00:22:30]} {[%emt 00:00:13]} Nc4 {[%clk 00:21:39]}
{[%emt 00:00:28]} 30. c6 {[%clk 00:20:28]} {[%emt 00:02:36]} Nxa3 {[%clk
00:19:41]} {[%emt 00:02:29]} 31. Rxa3 {[%clk 00:20:23]} {[%emt 00:00:36]} Rd8
{[%clk 00:16:31]} {[%emt 00:03:40]} 32. c7 {[%clk 00:19:57]} {[%emt 00:00:56]}
Rc8 {[%clk 00:16:39]} {[%emt 00:00:21]} 33. Rb3 {[%clk 00:19:43]} {[%emt
00:00:45]} Kf8 {[%clk 00:16:04]} {[%emt 00:01:04]} 34. Rb5 {[%clk 00:18:18]}
{[%emt 00:01:55]} g6 {[%clk 00:14:37]} {[%emt 00:01:57]} 35. Rxa5 {[%clk
00:18:06]} {[%emt 00:00:43]} Re8 {[%clk 00:13:28]} {[%emt 00:01:25]} 36. Rb5
{[%clk 00:18:27]} {[%emt 00:00:22]} Kg7 {[%clk 00:13:15]} {[%emt 00:00:43]} 37.
a5 {[%clk 00:18:24]} {[%emt 00:00:34]} Rff8 {[%clk 00:13:28]} {[%emt 00:00:16]}
38. a6 {[%clk 00:18:24]} {[%emt 00:00:31]} Re6 {[%clk 00:12:50]} {[%emt
00:01:08]} 39. a7 {[%clk 00:18:45]} {[%emt 00:00:09]} Rc6 {[%clk 00:12:49]}
{[%emt 00:00:30]} 40. Rb8 {[%clk 00:19:04]} {[%emt 00:00:12]} Rf7 {[%clk
00:12:44]} {[%emt 00:00:34]} 41. a8=Q {[%clk 00:19:21]} {[%emt 00:00:13]} 1-0

[Event "DEM U10 2023"]
[Site "Willingen GER"]
[Date "2023.06.02"]
[Round "9"]
[White "Hamann, Friedrich"]
[Black "Chua, Daniel James"]
[Result "1/2-1/2"]
[Termination "normal"]
[Board "8"]
[WhiteElo "1404"]
[BlackElo "1433"]
[WhiteClock "00:13:26"]
[BlackClock "00:15:05"]
[PlyCount "101"]
[WhiteFideId "34622829"]
[BlackFideId "34608354"]
[EventCountry "GER"]
[EventRounds "11"]
[EventType "swiss"]
[EventDate "2023.05.27"]

1. e4 {[%clk 01:15:44]} {[%emt 00:00:16]} e5 {[%clk 01:15:56]} {[%emt
00:00:04]} 2. Nf3 {[%clk 01:16:06]} {[%emt 00:00:08]} Nc6 {[%clk 01:16:22]}
{[%emt 00:00:05]} 3. Bc4 {[%clk 01:16:27]} {[%emt 00:00:08]} Bc5 {[%clk
01:16:47]} {[%emt 00:00:05]} 4. c3 {[%clk 01:16:41]} {[%emt 00:00:16]} Nf6
{[%clk 01:17:12]} {[%emt 00:00:05]} 5. d4 {[%clk 01:16:48]} {[%emt 00:00:23]}
exd4 {[%clk 01:17:33]} {[%emt 00:00:08]} 6. O-O {[%clk 01:17:09]} {[%emt
00:00:09]} Nxe4 {[%clk 01:17:55]} {[%emt 00:00:09]} 7. cxd4 {[%clk 01:17:28]}
{[%emt 00:00:10]} d5 {[%clk 01:18:21]} {[%emt 00:00:05]} 8. dxc5 {[%clk
01:17:37]} {[%emt 00:00:21]} dxc4 {[%clk 01:18:45]} {[%emt 00:00:06]} 9. Qe2
{[%clk 01:17:31]} {[%emt 00:00:35]} Qd3 {[%clk 01:15:58]} {[%emt 00:03:17]} 10.
Re1 {[%clk 01:17:35]} {[%emt 00:00:26]} f5 {[%clk 01:15:46]} {[%emt 00:00:43]}
11. Nc3 {[%clk 01:17:58]} {[%emt 00:00:07]} O-O {[%clk 01:16:09]} {[%emt
00:00:07]} 12. Nxe4 {[%clk 01:17:46]} {[%emt 00:00:41]} fxe4 {[%clk 01:16:34]}
{[%emt 00:00:06]} 13. Qxe4 {[%clk 01:18:07]} {[%emt 00:00:09]} Bf5 {[%clk
01:16:51]} {[%emt 00:00:12]} 14. Qh4 {[%clk 01:18:13]} {[%emt 00:00:23]} Rae8
{[%clk 01:16:33]} {[%emt 00:00:49]} 15. Rxe8 {[%clk 01:13:42]} {[%emt
00:05:02]} Rxe8 {[%clk 01:16:47]} {[%emt 00:00:16]} 16. Bf4 {[%clk 01:10:47]}
{[%emt 00:03:23]} Re4 {[%clk 01:00:11]} {[%emt 00:17:07]} 17. Ng5 {[%clk
01:00:00]} {[%emt 00:11:18]} Rd4 {[%clk 00:58:59]} {[%emt 00:01:39]} 18. h3
{[%clk 00:54:26]} {[%emt 00:06:07]} h6 {[%clk 00:36:23]} {[%emt 00:23:05]} 19.
Nf3 {[%clk 00:36:36]} {[%emt 00:18:17]} Re4 {[%clk 00:24:47]} {[%emt 00:12:06]}
20. Qg3 {[%clk 00:32:52]} {[%emt 00:04:16]} Kh7 {[%clk 00:21:48]} {[%emt
00:03:16]} 21. Nd2 {[%clk 00:17:24]} {[%emt 00:16:12]} Re7 {[%clk 00:13:53]}
{[%emt 00:08:21]} 22. Rc1 {[%clk 00:10:24]} {[%emt 00:07:34]} Nd4 {[%clk
00:11:44]} {[%emt 00:02:35]} 23. Qxd3 {[%clk 00:03:36]} {[%emt 00:07:22]} cxd3
{[%clk 00:11:51]} {[%emt 00:00:23]} 24. Kf1 {[%clk 00:01:19]} {[%emt 00:02:46]}
Ne2 {[%clk 00:06:27]} {[%emt 00:05:55]} 25. Re1 {[%clk 00:00:47]} {[%emt
00:01:02]} Rf7 {[%clk 00:05:36]} {[%emt 00:01:19]} 26. Be3 {[%clk 00:00:47]}
{[%emt 00:00:33]} c6 {[%clk 00:04:26]} {[%emt 00:01:40]} 27. f3 {[%clk
00:00:46]} {[%emt 00:00:31]} Re7 {[%clk 00:03:43]} {[%emt 00:01:12]} 28. Kf2
{[%clk 00:00:59]} {[%emt 00:00:16]} g5 {[%clk 00:01:30]} {[%emt 00:02:42]} 29.
Nb3 {[%clk 00:00:51]} {[%emt 00:00:40]} Be6 {[%clk 00:01:05]} {[%emt 00:00:53]}
30. Nd4 {[%clk 00:00:42]} {[%emt 00:00:41]} Bc4 {[%clk 00:00:44]} {[%emt
00:00:51]} 31. Nb3 {[%clk 00:00:43]} {[%emt 00:00:30]} Kg6 {[%clk 00:00:40]}
{[%emt 00:00:31]} 32. Nc1 {[%clk 00:00:40]} {[%emt 00:00:35]} Nxc1 {[%clk
00:00:46]} {[%emt 00:00:25]} 33. Bxc1 {[%clk 00:00:43]} {[%emt 00:00:27]} Rd7
{[%clk 00:00:39]} {[%emt 00:00:36]} 34. Bd2 {[%clk 00:01:02]} {[%emt 00:00:11]}
Bxa2 {[%clk 00:00:49]} {[%emt 00:00:20]} 35. Ra1 {[%clk 00:01:05]} {[%emt
00:00:26]} Re7 {[%clk 00:00:47]} {[%emt 00:00:34]} 36. Re1 {[%clk 00:01:05]}
{[%emt 00:00:29]} Rxe1 {[%clk 00:00:42]} {[%emt 00:00:35]} 37. Bxe1 {[%clk
00:01:18]} {[%emt 00:00:17]} Kf5 {[%clk 00:00:45]} {[%emt 00:00:27]} 38. Ke3
{[%clk 00:01:34]} {[%emt 00:00:14]} Bb1 {[%clk 00:00:41]} {[%emt 00:00:34]} 39.
Bc3 {[%clk 00:01:35]} {[%emt 00:00:29]} b6 {[%clk 00:00:46]} {[%emt 00:00:26]}
40. Bd4 {[%clk 00:01:09]} {[%emt 00:00:55]} b5 {[%clk 00:00:52]} {[%emt
00:00:24]} 41. b4 {[%clk 00:01:20]} {[%emt 00:00:19]} h5 {[%clk 00:00:50]}
{[%emt 00:00:31]} 42. g3 {[%clk 00:01:10]} {[%emt 00:00:41]} g4 {[%clk
00:14:52]} {[%emt 00:01:28]} 43. hxg4+ {[%clk 00:16:12]} {[%emt 00:00:29]} hxg4
{[%clk 00:14:55]} {[%emt 00:00:26]} 44. f4 {[%clk 00:15:07]} {[%emt 00:01:35]}
Ke6 {[%clk 00:14:51]} {[%emt 00:00:34]} 45. Bc3 {[%clk 00:15:03]} {[%emt
00:00:34]} Kf5 {[%clk 00:14:08]} {[%emt 00:01:12]} 46. Bd2 {[%clk 00:13:45]}
{[%emt 00:01:50]} Bc2 {[%clk 00:14:21]} {[%emt 00:00:16]} 47. Bc3 {[%clk
00:13:50]} {[%emt 00:00:23]} a6 {[%clk 00:14:25]} {[%emt 00:00:28]} 48. Kd4
{[%clk 00:12:32]} {[%emt 00:01:47]} Bb1 {[%clk 00:14:26]} {[%emt 00:00:30]} 49.
Bd2 {[%clk 00:12:54]} {[%emt 00:00:07]} Bc2 {[%clk 00:14:50]} {[%emt 00:00:07]}
50. Bc3 {[%clk 00:13:19]} {[%emt 00:00:05]} Ke6 {[%clk 00:15:05]} {[%emt
00:00:15]} 51. Bd2 {[%clk 00:13:26]} {[%emt 00:00:23]} 1/2-1/2